书目信息 |
| 题名: |
经济地理学导论
|
|
| 作者: | 杨万钟 主编 | |
| 分册: | ||
| 出版信息: | 上海 华东师范大学出版社 1999 |
|
| 页数: | 319页 | |
| 开本: | 26cm | |
| 丛书名: | ||
| 单 册: | ||
| 中图分类: | F119.9 | |
| 科图分类: | ||
| 主题词: | 经济--世界 , 国际经济关系 | |
| 电子资源: | ||
| ISBN: | 7-5617-2097-1 | |
| 000 | 00546nam0 2200205 45 | |
| 001 | 0009261708 | |
| 005 | 20070622135750.06 | |
| 010 | @a7-5617-2097-1@dCNY25.00 | |
| 100 | @a20000926d1999 km y0chiy0120 ea | |
| 101 | 0 | @achi |
| 200 | 1 | @a经济地理学导论@f杨万钟主编@FYang Wan Zhong Zhu Bian |
| 205 | @a4版 | |
| 210 | @a上海@c华东师范大学出版社@d1999 | |
| 215 | @a319页@d26cm | |
| 606 | 0 | @a经济@y世界 |
| 606 | 0 | @a国际经济关系 |
| 690 | @aF119.9@v3 | |
| 701 | 0 | @a杨万钟@4主编 |
| 801 | @aCN@bTSTC@c20070622 | |
| 905 | @dF119.9@e102=4@f3@b290979-981 | |
| 经济地理学导论/杨万钟主编.-4版.-上海:华东师范大学出版社,1999 |
| 319页;26cm |
| ISBN 7-5617-2097-1:CNY25.00 |
| ● |
| 相关链接 |
|
|
|
|
正题名:经济地理学导论
索取号:F119.9/102=4
 
预约/预借
| 序号 | 登录号 | 条形码 | 馆藏地/架位号 | 状态 | 备注 |
| 1 | 0501922 | 205019228 | 密集书库/ [索取号:F119.9/102=4] | 在馆 | |
| 2 | 0653800 | 206538004 | 库房3/ [索取号:F119.9/102=4] | 在馆 | |
| 3 | 0666498 | 206664983 | 库房3/ [索取号:F119.9/102=4] | 在馆 | |
| 4 | 0666499 | 206664992 | 库房3/ [索取号:F119.9/102=4] | 在馆 | |
| 5 | 0666500 | 206665009 | 库房3/ [索取号:F119.9/102=4] | 在馆 | |
| 6 | 0666501 | 206665018 | 库房3/ [索取号:F119.9/102=4] | 在馆 | |
| 7 | 0666502 | 206665027 | 库房3/ [索取号:F119.9/102=4] | 在馆 | |
| 8 | 0666503 | 206665036 | 库房3/ [索取号:F119.9/102=4] | 在馆 | |
| 9 | 0666504 | 206665045 | 库房3/ [索取号:F119.9/102=4] | 在馆 | |
| 10 | 0666505 | 206665054 | 库房3/ [索取号:F119.9/102=4] | 在馆 | |
| 11 | 0666506 | 206665063 | 库房3/ [索取号:F119.9/102=4] | 在馆 | |
| 12 | 0666507 | 206665072 | 库房3/ [索取号:F119.9/102=4] | 在馆 | |
| 13 | 0666508 | 206665081 | 库房3/ [索取号:F119.9/102=4] | 在馆 | |
| 14 | 0666509 | 206665090 | 库房3/ [索取号:F119.9/102=4] | 在馆 | |
| 15 | 0666510 | 206665107 | 库房3/ [索取号:F119.9/102=4] | 在馆 | |
| 16 | 0666511 | 206665116 | 库房3/ [索取号:F119.9/102=4] | 在馆 | |
| 17 | 0666512 | 206665125 | 库房3/ [索取号:F119.9/102=4] | 在馆 | |
| 18 | 0666513 | 206665134 | 库房3/ [索取号:F119.9/102=4] | 在馆 | |
| 19 | 0666514 | 206665143 | 库房3/ [索取号:F119.9/102=4] | 在馆 | |
| 20 | 0666515 | 206665152 | 库房3/ [索取号:F119.9/102=4] | 在馆 |